Una misión diplomática en la Indo-China (Record no. 161043)

MARC details
000 -LEADER
campo de control de longitud fija 01210nam a22002295i 4500
001 - NÚMERO DE CONTROL
campo de control 161043
003 - IDENTIFICADOR DE NÚMERO DE CONTROL
campo de control ES-MaACL
005 - FECHA Y HORA DE LA ÚLTIMA TRANSACCIÓN
campo de control 20250829180508.0
008 - DATOS DE LONGITUD FIJA--INFORMACIÓN GENERAL
campo de control de longitud fija 041013s1882 sp a |||| | spa d
080 ## - NÚMERO DE LA CLASIFICACIÓN DECIMAL UNIVERSAL
Número de la Clasificación Decimal Universal 327
100 1# - ENTRADA PRINCIPAL--NOMBRE DE PERSONA
Nombre de persona Ordóñez y Ortega, Melchor.
9 (RLIN) 130675
245 14 - MENCIÓN DEL TÍTULO
Título Una misión diplomática en la Indo-China
Resto del título : descripción del viaje de la legación especial de España al Imperio de Annam y Reino de Siam dando en dos años la vuelta al mundo /
Mención de responsabilidad, etc. por Melchor Ordóñez y Ortega; con un prologo de Pedro Novo y Colson; publicación ilustrada por varios artistas españoles, con gran número de retratos, vistas y planos.
260 ## - PUBLICACIÓN, DISTRIBUCIÓN, ETC.
Lugar de publicación, distribución, etc. Madrid :
Nombre del editor, distribuidor, etc. [s.n.],
Fecha de publicación, distribución, etc. 1882 (
Fabricante Est. tip. de Enrique Rubiños)
300 ## - DESCRIPCIÓN FÍSICA
Extensión XXIII, 601 p., [2] h. de map., [25] h. de lám. :
Otras características físicas il. ;
Dimensiones 34 cm.
530 ## - NOTA DISPONIBLE DE FORMULARIO FÍSICO ADICIONAL
Nota de formato físico adicional disponible Disponible en formato digital.
651 #4 - PUNTO DE ACCESO ADICIONAL DE MATERIA--NOMBRE GEOGRÁFICO
Nombre geográfico España-
Subdivisión general Relaciones-
Subdivisión geográfica Vietnam.
9 (RLIN) 151221
651 #4 - PUNTO DE ACCESO ADICIONAL DE MATERIA--NOMBRE GEOGRÁFICO
Nombre geográfico España-
Subdivisión general Relaciones-
Subdivisión geográfica Tailandia.
9 (RLIN) 152603
700 1# - ENTRADA AGREGADA--NOMBRE PERSONAL
Nombre de persona Novo y Colson, Pedro de,
Fechas asociadas al nombre 1846-1931
9 (RLIN) 86091
852 4# - LOCALIZACIÓN
Ubicación ES-MaACL
Número de control de estantería G-3296
Nota libre - Enc. hol.
-- - Legado de San Jurjo
856 4# - LOCALIZACIÓN Y ACCESO ELECTRÓNICOS
Identificador Uniforme de Recursos <a href="http://bdh-rd.bne.es/viewer.vm?id=0000084885&page=1 ">http://bdh-rd.bne.es/viewer.vm?id=0000084885&page=1 </a>
Nota pública Biblioteca Digital Hispánica
Holdings
Estatus retirado Estado de pérdida Estado de daño No para préstamo Colección Biblioteca de origen Biblioteca actual Ubicación en estantería Fecha de adquisición Fuente de adquisición Total de préstamos Signatura topográfica completa Código de barras Visto por última vez Precio de reemplazo Tipo de ítem Koha
        Colección digital Biblioteca del Ateneo de Madrid Biblioteca del Ateneo de Madrid Depósito 2 17/01/2008     G-3296 1168678 23/02/2023 23/02/2023 Libro impreso antiguo